000 00321nam a2200157Ia 4500
100 _aCourter/Gini/ Marquis/ A
250 _a2
942 _cBK
654 _aComputer
245 _aMastering Office 2000
260 _bB.P.B
_c1999
082 _a4.65
_bCOU/MAR
300 _a1164
546 _aENGLISH
999 _c25985
_d25985